000 00755pam a2200265 i 4500
999 _c1390
_d1390
001 4106814
003 GZU
005 20201014101330.0
008 750616s1975 mdu b 001 0 eng
010 _a 75011353
020 _a080181`7315
040 _aDLC
_cDLC
_dDLC
043 _an-us---
050 0 0 _aHC60
_bTEN 1975
082 0 0 _a338.91/172/4073
100 1 _aTendler, Judith.
245 1 0 _aInside foreign aid /
_cJudith Tendler.
260 _aBaltimore :
_bJohns Hopkins University Press,
_c[1975]
300 _aviii, 140 p. ;
_c24 cm.
500 _aIncludes index.
504 _aBibliography: p. 129-135.
650 0 _aEconomic assistance, American.
906 _a7
_bcbc
_corignew
_d1
_eocip
_f19
_gy-gencatlg
942 _2lcc
_cBK
_h60
_iTEN
_kHC